| 000 | 00436nam a22001697a 4500 | ||
|---|---|---|---|
| 005 | 20180717154133.0 | ||
| 008 | 160525b xxu||||| |||| 00| 0 eng d | ||
| 020 | _a81-259-0553-7 | ||
| 041 | _aeng | ||
| 082 |
_b4829 _a658.1511 |
||
| 100 |
_aBhattacharya, S.K. & Dearden, John _91207 |
||
| 245 | _aAccounting for Management | ||
| 260 |
_aNew Delhi _bAcademic Faundation |
||
| 300 | _a415p, | ||
| 650 |
_aManagement _9241 |
||
| 942 | _cBK | ||
| 999 |
_c1659 _d1658 |
||